000 00846nam a2200217 i 4500
001 62949
003 ES-MaACL
005 20230906164745.0
007 t|
008 031127s1965 sp |||| | spa d
080 _a091 Breviarium Gothicum
100 1 _aFernández de la Cuesta, Ismael.
_949666
245 1 3 _aEl "Breviarium Gothicum" de Silos
_b: Archivo monastico, ms. 6 /
_cIsmael Fernández de la Cuesta.
260 _aMadrid ;
_aBarcelona :
_bConsejo Superior de Investigaciones Científicas, Instituto Enrique Flórez,
_c1965.
300 _a126 p. ;
_c25 cm.
490 1 _aMonumenta Hispania Sacra. Serie litúrgica ;
_v8
710 2 _aInstituto de Historia Eclesiástica "Padre Enrique Flórez"
_94954
830 0 _aMonumenta Hispania Sacra. Serie litúrgica ;
_v8
_9230654
852 _aES-MaACL
_jC-29723
999 _c62949
_d62949